000 00632nam a2200181Ia 4500
003 IN-BaIIA
008 211028s9999 xx 000 0 eng d
020 _a90-277-2423-7
040 _cIIA Library
080 _a52
_bEXE
245 0 _aExercises in astronomy
_brevised and extended edition of "Practical Work In Elementary Astronomy" by M. G. J. Minnaert
_cedited by J.Kleczek
260 _aDordrecht
_bD. Reidel Publishing
_c1987
300 _axxiii, 339p.
650 _aAstronomy
_980
650 _aAstronomy and astrophysics thesaurus
700 _aKleczek, J., ed.
_915528
942 _cBK
999 _c9243
_d9243